LEADER 01328nam0-22003611i-450- 001 990002011710403321 005 20040624152314.0 035 $a000201171 035 $aFED01000201171 035 $a(Aleph)000201171FED01 035 $a000201171 100 $a20030910d1931----km-y0itay50------ba 101 0 $aeng 102 $aUS 105 $ay---d---001yy 200 1 $aKey catalogue of parasites reported for chiroptera (Bats) with their possible public health importance$ethe confused nomenclature of Nycteribia (Latreille, 1796), and Spiturnik (Heyden, 1826)$fC.W. Stiles, Mabelle Orleman Nolan, Benjamin J. Collins 210 $aWashington$cU.S. Treasury Department$d1931 215 $ap. 603-742 (pag. estratta)$d23 cm 225 1 $aNational Institute of Health Bulletin$v155 610 0 $aParassitismo 610 0 $aEcologia Animale 610 0 $aParassitologia 676 $a591.524 700 1$aStyles,$bCharles Wardell$0360060 701 1$aCollins,$bBenjamin J.$085153 701 1$aNolan,$bMabelle Orleman$085151 801 0$aIT$bUNINA$gRICA$2UNIMARC 901 $aBK 912 $a990002011710403321 952 $a61 III D.3/20$b856$fDAGEN 959 $aDAGEN 996 $aKey catalogue of parasites reported for chiroptera (Bats) with their possible public health importance$9402383 997 $aUNINA LEADER 03087 am 2200793 n 450 001 9910131371203321 005 20150422 010 $a2-11-139829-2 035 $a(CKB)3710000000491157 035 $a(FrMaCLE)OB-deps-809 035 $a(oapen)https://directory.doabooks.org/handle/20.500.12854/45821 035 $a(PPN)189313404 035 $a(EXLCZ)993710000000491157 100 $a20150921j|||||||| ||| 0 101 0 $afre 135 $auu||||||m|||| 181 $ctxt$2rdacontent 182 $cc$2rdamedia 183 $acr$2rdacarrier 200 10$aÉcrivains, photographes, compositeurs? les artistes auteurs affiliés à l?AGESSA en 2005 /$fEric Cléron, Frédérique Patureau 210 $aParis $cDépartement des études, de la prospective et des statistiques$d2015 215 $a1 online resource (8 p.) 330 $aLes résultats présentés dans cette note concernent les artistes auteurs affiliés en 2005 à l?AGESSA, organisme chargé de la gestion du régime de sécurité sociale spécifique des auteurs. Il s?agit d?une photographie statistique portant sur l?année 2005 mais intégrant quelques données en évolution depuis 1993. Elle inaugure une démarche nouvelle de suivi statistique des métiers d?auteur souhaitée conjointement par le Département des études, de la prospective et des statistiques et la Délégation aux arts plastiques, dans le but de mieux connaître les professionnels de ces métiers et les grandes caractéristiques de leur activité (effectifs, profils sociodémographiques, montant des droits d?auteur?). 606 $aBusiness 606 $aCultural studies 606 $aAgessa (société d'auteurs) 606 $adroits d'auteur 606 $aphotographie 606 $amusique 606 $alivre 606 $asécurité sociale 606 $arevenus 606 $aauthors rights 606 $aphotography 606 $amusic 606 $abooks 606 $aincomes 606 $aAgessa (author's rights society) 606 $aFrench public welfare system 610 $aincomes 610 $aFrench public welfare system 610 $amusic 610 $abooks 610 $aAgessa (author's rights society) 610 $aauthors rights 610 $aphotography 615 4$aBusiness 615 4$aCultural studies 615 4$aAgessa (société d'auteurs) 615 4$adroits d'auteur 615 4$aphotographie 615 4$amusique 615 4$alivre 615 4$asécurité sociale 615 4$arevenus 615 4$aauthors rights 615 4$aphotography 615 4$amusic 615 4$abooks 615 4$aincomes 615 4$aAgessa (author's rights society) 615 4$aFrench public welfare system 700 $aCléron$b Eric$01283380 701 $aPatureau$b Frédérique$01283381 801 0$bFR-FrMaCLE 906 $aBOOK 912 $a9910131371203321 996 $aÉcrivains, photographes, compositeurs? les artistes auteurs affiliés à l?AGESSA en 2005$93021801 997 $aUNINA LEADER 05081nam 2200721Ia 450 001 9910778925103321 005 20120130151416.0 010 $a1-280-12053-3 010 $a9786613524393 010 $a1-78052-503-6 035 $a(CKB)2550000000088802 035 $a(EBL)862257 035 $a(OCoLC)819594614 035 $a(SSID)ssj0000614881 035 $a(PQKBManifestationID)12249964 035 $a(PQKBTitleCode)TC0000614881 035 $a(PQKBWorkID)10605280 035 $a(PQKB)10138519 035 $a(MiAaPQ)EBC862257 035 $a(Au-PeEL)EBL862257 035 $a(CaPaEBR)ebr10532008 035 $a(CaONFJC)MIL352439 035 $a(OCoLC)835936774 035 $a(UtOrBLW)bslw08204087 035 $a(PPN)187306559 035 $a(EXLCZ)992550000000088802 100 $a20120130d2012 uy 0 101 0 $aeng 135 $aurun||||||||| 181 $ctxt 182 $cc 183 $acr 200 00$aBlack American female undergraduates on campus$b[electronic resource] $esuccesses and challenges /$fedited by Crystal Renée Chambers, Rhonda Vonshay Sharpe 205 $a1st ed. 210 $aBingley, U.K. $cEmerald$d2012 215 $a1 online resource (247 p.) 225 1 $aDiversity in higher education,$x1479-3644 ;$vv. 12 300 $aOn cover: EmeraldBooks. 311 $a1-78052-502-8 320 $aIncludes bibliographical references. 327 $aPreface / Crystal Renée Chambers, Rhonda Vonshay Sharpe -- You go girl! : trends in educational attainment of black women / Sacha D. Blalock, Rhonda Vonshay Sharpe -- Analyzing the female advantage in college access among African Americans / Su Jin Jez -- Gender differences in self-actualization / Allan Okech, Crystal Renée Chambers -- Black women's experiences with racial microaggressions in college : making meaning at the crossroads of race and gender / Joanna Lee Williams, Tanya M. Nichols -- A way of making it : black reentry females' success and challenges to undergraduate education / Yolanda Sealey-Ruiz -- The culture of competition : identifying the unique experiences of domestic and international black student-athletes / Noel Harmon, Khalilah Doss, Saran Donahoo -- Sending an SOS : how social support networks contribute to the success of black lesbians at predominantly white institutions / Chutney Walton Guyton, Ferlin McGaskey -- African American high-achieving girls : STEM careers as options / Wanda B. Coneal -- Differential gender outcomes of career exploration sessions for African American undergraduates : an examination of a computing science outreach effort at predominantly white institutions / Jerlando F.L. Jackson, LaVar J. Charleston -- Prepared and progressing : black women in physics / Sharon Fries-Britt, Kimberly M. Holmes -- Hoping for the unexpected : African American women as STEM educators / Wynetta Y. Lee, Janet A. Guyden, P. Gayle Harris Watkins. 330 $aSince the 1976, increased attention has been paid to the diminishing numbers of Black males in higher education, and rightly so: the total numerical enrollments of Black female undergraduates has outstripped their male counterparts by a factor of nearly 2 to 1. Since intervention, however, the enrollment growth rate among Black males (60%) exceeded that of Black females (40%) (NCES, 2008). Needless to say, this good news was is welcomed by many. However, as Cole & Guy-Sheftall (2003) have pointed out, it may be misguided to assume that improving the status of black men will single-handedly solve all the complex problems facing African American communities. Are we indirectly neglecting Black females? And what of their future? The purpose of Black Female Undergraduates on Campus is to identify both successes and challenges faced by Black female students accessing and matriculating through institutions of higher education. In illuminating the interactive complexities between persons and place, this volume is aimed toward garnering an understanding of the educational trajectories and experiences of Black females, independent of and in comparison to their peers. Special attention is paid to women pursuing careers in the high demand fields of teacher education and STEM. 410 0$aDiversity in higher education ;$vv. 12. 606 $aEducation$xMulticultural Education$2bisacsh 606 $aEducation$xHigher$2bisacsh 606 $aMulticultural education$2bicssc 606 $aBlack & Asian studies$2bicssc 606 $aAfrican American women college students 615 7$aEducation$xMulticultural Education. 615 7$aEducation$xHigher. 615 7$aMulticultural education. 615 7$aBlack & Asian studies. 615 0$aAfrican American women college students. 676 $a370.117 676 $a378.1982996073 701 $aChambers$b Crystal Renée$0857359 701 $aSharpe$b Rhonda V$01506810 801 0$bUtOrBLW 801 1$bUtOrBLW 906 $aBOOK 912 $a9910778925103321 996 $aBlack American female undergraduates on campus$93737196 997 $aUNINA